Countries With Most Slaves - Statistics

General Stats
  • This quiz has been taken 71 times
  • The average score is 18 of 25
Answer Stats
Rank Country Slaves % Correct
2 China 3,864,000
92%
1 India 7,989,000
92%
9 Russia 794,000
90%
22 United States 403,000
85%
3 Pakistan 3,186,000
83%
8 Democratic Republic of the Congo 1,045,000
82%
7 Indonesia 1,220,000
80%
6 Iran 1,289,000
80%
23 Brazil 369,000
78%
24 Mexico 341,000
78%
5 Nigeria 1,386,000
78%
13 Thailand 610,000
73%
18 Sudan 465,000
72%
11 Afghanistan 749,000
70%
14 Bangladesh 592,000
70%
16 Egypt 518,000
70%
4 North Korea 2,640,000
70%
20 Vietnam 421,000
68%
12 Ethiopia 614,000
67%
15 Myanmar 575,000
65%
17 Turkey 509,000
62%
25 Tanzania 336,000
50%
10 Philippines 784,000
45%
19 Eritrea 451,000
33%
21 Burundi 408,000
18%
No matching quizzes found
Score Distribution
Percent of People with Each Score
Percentile by Number Answered
Your Score History
You have not taken this quiz